Vybrané ukazovatele v obchode, pohostinstve, ubytovaní a cestovných kanceláriách v SR za 4. štvrťrok 1993

Guardado en:
Detalles Bibliográficos
Formato: Libro
Lenguaje:eslovaco
Publicado: Bratislava Štatistický úrad SR 1994
Colección:Štatistické čísla a grafy
Materias:
Etiquetas: Agregar Etiqueta
Sin Etiquetas, Sea el primero en etiquetar este registro!

MARC

LEADER 00000nam a2200000 4500
001 c005282
005 20260213081018.8
041 0 |a slo 
044 |a SK 
245 1 0 |a Vybrané ukazovatele v obchode, pohostinstve, ubytovaní a cestovných kanceláriách v SR za 4. štvrťrok 1993 
264 1 |a Bratislava  |b Štatistický úrad SR  |c 1994 
300 |a 97 s. 
490 1 |a Štatistické čísla a grafy 
830 0 |a Štatistické čísla a grafy 
610 2 0 |a Slovensko 
610 2 0 |a obchod 
610 2 0 |a pohostinstvo 
610 2 0 |a zariadenia ubytovacie 
610 2 0 |a ubytovanie 
610 2 0 |a kancelárie cestovné